| 000 | 00967ncm a2200289 a 4500 | ||
|---|---|---|---|
| 999 |
_c352695 _d352695 |
||
| 003 | BLK | ||
| 005 | 20250215161608.0 | ||
| 008 | 200408b bu ||||| |||| 00| 0 bu d | ||
| 040 | _aBLK | ||
| 041 |
_aRUS _cRUS |
||
| 080 |
_aДуо виола и пиано _b785.72:787.2:786.2 _z785.72:787.2:786.2 |
||
| 080 |
_aСюити _b78.083.1 _z78.083.1 |
||
| 100 |
_aПерсел, Хенри _eпърви автор _91299 |
||
| 139 |
_aПерсел, Хенри _bП 37 |
||
| 245 |
_aСюита _bДля альта и фортепиано _cХенри Персел |
||
| 257 | _aRUS | ||
| 260 |
_9402764 _aМосква _bМузыка _c1969 |
||
| 300 |
_a11 с. _c29 см _e1 щим 4 с |
||
| 380 | _a7 | ||
| 650 | 7 |
_aВиола - сюити _2 _9150743 |
|
| 650 | 0 |
_9403690 _aПиано - сюити |
|
| 852 |
_aЦб М ІІ 5329 _bИП |
||
| 942 |
_cNOT _n0 _s1 |
||
| 944 |
_c2020-04-08 _k30560 _lГеновева Генчева |
||
| 999 | _d352695 | ||
| 999 | _d352695 | ||